Studies in South, East, and Central Asia : (Record no. 91486)

MARC details
000 -LEADER
fixed length control field 02466cam a2200337 a 4500
001 - CONTROL NUMBER
control field unk83073744
003 - CONTROL NUMBER IDENTIFIER
control field DLC
005 - DATE AND TIME OF LATEST TRANSACTION
control field 20260227112801.0
008 - FIXED-LENGTH DATA ELEMENTS--GENERAL INFORMATION
fixed length control field 861002s1968 ii a b 010 0 eng
010 ## - LIBRARY OF CONGRESS CONTROL NUMBER
LC control number unk83073744
Canceled/invalid LC control number sa 68008292
040 ## - CATALOGING SOURCE
Original cataloging agency DLC
Transcribing agency DLC
041 1# - LANGUAGE CODE
Language code of text/sound track or separate title eng
Language code of original san
043 ## - GEOGRAPHIC AREA CODE
Geographic area code az-----
-- ae-----
-- ac-----
050 00 - LIBRARY OF CONGRESS CALL NUMBER
Classification number PJ26
Item number .V5 1968
245 00 - TITLE STATEMENT
Title Studies in South, East, and Central Asia :
Remainder of title presented as a memorial volume to the late Professor Raghu Vira /
Statement of responsibility, etc. by members of the Permanent International Altaistic Conference and edited by Denis Sinor.
260 ## - PUBLICATION, DISTRIBUTION, ETC.
Place of publication, distribution, etc. New Delhi :
Name of publisher, distributor, etc. International Academy of Indian Culture,
Date of publication, distribution, etc. 1968.
300 ## - PHYSICAL DESCRIPTION
Extent xxxi, 276 p. :
Other physical details ill. ;
Dimensions 29 cm.
490 1# - SERIES STATEMENT
Series statement Śata-piṭaka series ;
Volume/sequential designation v. 74 =
Series statement Śatapiṭakam
546 ## - LANGUAGE NOTE
Language note English, French, and German.
500 ## - GENERAL NOTE
General note Translation (from Sanskrit) of the Daśabhūmīśvara, by M. Honda: p. 115-276.
504 ## - BIBLIOGRAPHY, ETC. NOTE
Bibliography, etc. note "Bibliography ... [of] important books and articles of Professor Raghu Vira": p. xix-xxxi.
504 ## - BIBLIOGRAPHY, ETC. NOTE
Bibliography, etc. note Includes bibliographical references.
505 0# - FORMATTED CONTENTS NOTE
Formatted contents note Professor Raghu Vira, a vast sweep of vision / by S.K. Chatterji -- Prof. Raghu Vira, the Vedisant / by N. Tsuji -- Prof. Raghu Vira and Mongolian studies / by N. Poppe -- Bibliography -- Conditionals in Buddhist Sanskrit / by P. Aalto -- Recherches sur les principes légaux des traités internationaux des T'ang / par F.A. Bischoff -- Bruchstücke einer buddhistischen Schrift über die Sündenfolgen aus den mongolischen Turfan-Fragmenten / von H. Franke -- A rare Mongolian Bodhicaryāvatāra-ms. in New Delhi / by W. Heissig -- Die tibetischen Lehnworte im Kalmückischen / von J.R. Krueger -- Über die Worte ǰigur-e (h)Ag̳ulg̳an in dem Brief des Ilkhan Arg̳un / von S. Murayama -- On the quotations of ritualistic teachers in the Śrautasūtras of Lāṭyāyana and Drāhyayāṇa / by A. Parpola -- Über ein weltich-geistliches Disziplinarverfahren in der Khalkha-Mongolei, 1869, von K. Sagaster -- Some remarks on Manchu poetry / by D. Sinor -- Annotated translation of the Daśabhūmika-sūtra / by M. Honda, rev. by J. Rahder.
650 #0 - SUBJECT ADDED ENTRY--TOPICAL TERM
Topical term or geographic name entry element Buddhist literature.
700 0# - ADDED ENTRY--PERSONAL NAME
Personal name Raghu Vira.
700 1# - ADDED ENTRY--PERSONAL NAME
Personal name Sinor, Denis.
700 1# - ADDED ENTRY--PERSONAL NAME
Personal name Honda, Megumu,
Dates associated with a name 1930-
710 2# - ADDED ENTRY--CORPORATE NAME
Corporate name or jurisdiction name as entry element Permanent International Altaistic Conference (Organization)
730 02 - ADDED ENTRY--UNIFORM TITLE
Uniform title Tripiṭaka.
Name of part/section of a work Sūtrapiṭaka.
-- Avataṃsakasūtra.
-- Daśabhūmikasūtra.
Language of a work English.
830 #0 - SERIES ADDED ENTRY--UNIFORM TITLE
Uniform title Śata-piṭaka series ;
Volume/sequential designation v. 74.

No items available.

Powered by Koha